LEADER 00850nas a2200169 i 4500 001 000000008512 003 CaOOAMICUS 005 20180830125439.0 008 180830n gw u0 und u 040 $aSeMil$bita 245 10$aMünchener Universitätsschriften :$bPhilosophische Fakultät Altertumskunde und Kulturwissenschaften. 260 $aSt. Ottilien :$bEOS,$c[197-?] 300 $av. ;$c21-24 cm. 700 1 $aUniversität München : Grabmann-Institut.$0(OLS)http://semarc/name/128 774 0 $aBorchert, Ernst$tTrinitätslehre des Johannes de Ripa.$dMünchen ; Paderborn ; Wien : Ferdinand Schöningh, 1974.$w()18967 996 $6245$aMünchener Universitätsschriften :$bPhilosophische Fakultät Altertumskunde und Kulturwissenschaften$9(OLS)http://semarc/title/11290 996 $6260$aSt. Ottilien :$bEOS$9(OLS)http://semarc/publisher/29736 LEADER 01266nam a2200289 i 4500 001 000000115075 003 CaOOAMICUS 005 20030513000000.0 008 030513s1986 it u000 u ita u 013 $a87763 020 $a84-293-0754-0 040 $aSeMil$bita 100 1 $aBravo Gallardo, Carlos.$0(OLS)http://semarc/name/48082 245 10$aJesús, hombre en conflicto :$bel relato de Marcos en América Latina /$cCarlos Bravo Gallardo. 260 $aSantander :$bSal Terrae,$c1986. 300 $a310 p. ;$c22 cm. 490 0 $aPresencia teólogica ;$v30 500 $aFondo Card. C.M. Martini. 650 4$aBibbia. Nuovo Testamento. Vangelo secondo Marco - Commentari, studi, critica, interpretazioni.$0(OLS)http://semarc/subject/143 830 0$aPresencia teólogica ;$v30.$0(OLS)http://semarc/title/401100 850 $aSeMil 852 $aSeMil$W1$xVenegono$y1$m2V III 291$j270668$B70612$CSeMilBibl$Z2$F92099 $81 941 1 $a4 961 $aOmaggio: Martini Card. Carlo Maria 996 $6020$a84-293-0754-0$9(OLS)http://semarc/number/98693 996 $6245$aJesús, hombre en conflicto :$bel relato de Marcos en América Latina$9(OLS)http://semarc/title/168416 996 $6260$aSantander :$bSal Terrae$9(OLS)http://semarc/publisher/32293